Football - Les 10 plus gros transferts (2017-2018) - Statistiques

Statistiques générales
  • Ce quiz a été pris 141 fois
  • Le résultat moyen est 7 sur 10
Statistiques - réponses
Rang Club Précédent Nouveau Club Montant Joueur % Correct
1 Barcelone Paris SG 222 000 000 € Neymar
100%
3 Borussia Dortmund Barcelone 135 000 000 € Ousmane Dembélé
95%
2 Liverpool Barcelone 135 000 000 € Philippe Coutinho
92%
5 Southampton Liverpool 84 650 000 € Virgil Van Dijk
78%
10 Monaco Manchester City 57 500 000 € Benjamin Mendy
68%
4 Everton Manchester United 84 700 000 € Romelu Lukaku
63%
7 Athletic Bilbao Manchester City 65 000 000 € Aymeric Laporte
62%
8 Borussia Dortmund Arsenal 63 750 000 € Pierre-Emerick Aubameyang
59%
6 Real Madrid Chelsea 66 000 000 € Alvaro Morata
50%
9 Chelsea Atletico Madrid 60 000 000 € Diego Costa
46%
Aucun quiz correspondant
Distribution des résultats
% des personnes avec chaque résultat
Percentile par nombre de réponses
Votre historique - résultats
Vous n’avez pas pris ce quiz